Homosexual : oppression and liberation /

Salvato in:
Dettagli Bibliografici
Autore principale: Altman, Dennis (Autore)
Natura: Libro
Lingua:inglese
Pubblicazione: New York : Outerbridge & Dienstfrey, c1971
Tags: Aggiungi Tag
Nessun Tag, puoi essere il primo ad aggiungerne!!

MARC

LEADER 00000nam a22000007i 4500
001 IT\ICCU\UBO\3508470
003 ItRI
005 20260115231825.0
008 081022s1971 xxu|||||| ||||| |||||c
020 |a 0876900392 
040 |b ita  |c importazione bologna sebina 
041 7 |a eng  |2 ISO-639-2 
100 1 |a Altman, Dennis  |0 IT\ICCU\SBLV\259735  |4 aut 
245 1 0 |a Homosexual :  |b oppression and liberation /  |c Dennis Altman. 
260 |a New York :  |b Outerbridge & Dienstfrey,  |c c1971 
300 |a xiv, 242p. ;  |c 22 cm. 
942 |2 ddc  |c BK  |n 0 
952 |0 0  |1 0  |4 0  |6 DOC_306_766000000000000_ALT  |7 0  |9 13590  |a BO  |b BO  |d 2026-01-15  |i 1495  |l 0  |o DOC 306.766 ALT  |p BO1495  |r 2026-01-15 23:18:25  |w 2026-01-15  |x [Sebina 7] [1 v.]  |y BK  |z 1 v. 
999 |c 11686  |d 11686